[Event "La Vega op 3rd"]
[Site "La Vega"]
[Date "2019.08.24"]
[Round "7"]
[White "Diaz Garcia, Roberto"]
[Black "Paul, Joason"]
[Result "1/2-1/2"]
[WhiteElo "1976"]
[BlackElo "1775"]
[PlyCount "127"]
[EventDate "2019.08.20"]
[EventType "swiss"]
[EventRounds "9"]
[EventCountry "DOM"]
[SourceTitle "EXT 2020"]
[Source "ChessBase"]
[SourceDate "2019.10.17"]
[SourceVersion "1"]
[SourceVersionDate "2019.10.17"]
[SourceQuality "1"]

1. e4 e6 2. d4 d5 3. Nc3 Bb4 4. Qd3 Nc6 5. a3 dxe4 6. Qxe4 Ba5 7. Nf3 Nf6 8. Qh4 Bxc3+ 9. bxc3 Nd5 10. Bg5 f6 11. Bd2 Qe7 12. Bd3 Qf7 13. 0-0 Bd7 14. c4 Nde7 15. Rab1 b6 16. Rfe1 Nd8 17. Qe4 c6 18. Bb4 Rc8 19. Bxe7 Qxe7 20. d5 c5 21. dxe6 Bxe6 22. Re2 g6 23. Rbe1 0-0 24. Qh4 Qf7 25. Nd2 Rc7 26. Ne4 Rd7 27. Nc3 Rd4 28. Qg3 Rd7 29. Qf4 Rd4 30. Re4 Nc6 31. Nb5 Rxe4 32. Qxe4 Ne5 33. Bf1 Rd8 34. f4 Bf5 35. Qe2 Nc6 36. g4 Bc8 37. Bg2 Qd7 38. Bxc6 Qxc6 39. Nxa7 Qd7 40. Nxc8 Qxc8 41. Qe6+ Kg7 42. Qe7+ Kg8 43. Qe6+ Kg7 44. Qxc8 Rxc8 45. Re7+ Kg8 46. Re6 Ra8 47. Rxb6 Rxa3 48. Rxf6 Rc3 49. f5 Rxc4 50. h3 gxf5 51. Rxf5 Rxc2 52. Rf2 Rxf2 53. Kxf2 Kf7 54. Ke3 Ke6 55. h4 Ke5 56. h5 Kf6 57. Kd3 Kg5 58. Kc4 Kxg4 59. h6 Kg5 60. Kxc5 Kxh6 61. Kd4 Kg5 62. Ke3 Kg4 63. Kf2 h6 64. Kg2 1/2-1/2

[Event "DOM-ch"]
[Site "Santo Domingo"]
[Date "2019.05.05"]
[Round "8"]
[White "Diaz Garcia, Roberto"]
[Black "Barjan Pinedo, Jose Antonio"]
[Result "1/2-1/2"]
[WhiteElo "1978"]
[BlackElo "2081"]
[PlyCount "121"]
[EventDate "2019.04.26"]
[EventType "swiss"]
[EventRounds "11"]
[EventCountry "DOM"]
[SourceTitle "CBM 190 Extra"]
[Source "ChessBase"]
[SourceDate "2019.07.15"]
[SourceVersion "1"]
[SourceVersionDate "2019.07.15"]
[SourceQuality "1"]

1. e4 e5 2. Nf3 Nc6 3. d4 exd4 4. Nxd4 d6 5. Bc4 Nf6 6. Nc3 Be7 7. 0-0 0-0 8. Nxc6 bxc6 9. Bf4 Be6 10. Qe2 d5 11. Rad1 Re8 12. Bb3 Bb4 13. exd5 cxd5 14. Qb5 c5 15. Nxd5 Nxd5 16. Bxd5 Bxd5 17. c3 a6 18. Qd3 Bxa2 19. Qxd8 Raxd8 20. cxb4 cxb4 21. Bd6 Bc4 22. Rfe1 Rxe1+ 23. Rxe1 b3 24. f3 Be6 25. Bb4 h6 26. Kf2 Kh7 27. Re5 Rd1 28. Re1 Rd4 29. Bc3 Rd3 30. Re3 Rd5 31. h4 Rc5 32. Ke1 a5 33. Re5 Rxc3 34. bxc3 a4 35. Kd2 a3 36. Kc1 Bc4 37. Re3 g5 38. hxg5 hxg5 39. Kb1 Kg6 40. g3 f5 41. f4 gxf4 42. gxf4 Kh5 43. Rg3 Kh4 44. Rg1 Kh3 45. Ka1 Kh2 46. Rd1 Bb5 47. Rd4 Bc6 48. Rb4 b2+ 49. Ka2 Be4 50. c4 Kg3 51. c5 Kxf4 52. Rxe4+ fxe4 53. c6 e3 54. c7 e2 55. c8Q e1Q 56. Qf8+ Kg4 57. Qg7+ Kf3 58. Qf8+ Ke2 59. Qe7+ Kf1 60. Qf8+ Kg2 61. Qg7+ 1/2-1/2

[Event "DOM-ch"]
[Site "Santo Domingo"]
[Date "2017.05.07"]
[Round "11"]
[White "Diaz Garcia, Roberto"]
[Black "Jimenez Jimenez, Leandro"]
[Result "0-1"]
[WhiteElo "2037"]
[BlackElo "1974"]
[PlyCount "22"]
[EventDate "2017.04.21"]
[EventType "swiss"]
[EventRounds "11"]
[EventCountry "DOM"]
[SourceTitle "EXT 2018"]
[Source "ChessBase"]
[SourceDate "2017.10.13"]
[SourceVersion "1"]
[SourceVersionDate "2017.10.13"]
[SourceQuality "1"]

1. e4 e5 2. Nf3 Nc6 3. Bb5 a6 4. Ba4 Nf6 5. 0-0 b5 6. Bb3 Be7 7. d3 d6 8. c3 0-0 9. Nbd2 Nh5 10. Nxe5 Nxe5 11. Qxh5 Bg4 0-1

[Event "DOM-ch"]
[Site "Santo Domingo"]
[Date "2017.04.30"]
[Round "8"]
[White "Toro Rojas, Freddy Alberto"]
[Black "Diaz Garcia, Roberto"]
[Result "1/2-1/2"]
[WhiteElo "1904"]
[BlackElo "2037"]
[PlyCount "88"]
[EventDate "2017.04.21"]
[EventType "swiss"]
[EventRounds "11"]
[EventCountry "DOM"]
[SourceTitle "CBM 178 Extra"]
[Source "ChessBase"]
[SourceDate "2017.06.22"]
[SourceVersion "1"]
[SourceVersionDate "2017.06.22"]
[SourceQuality "1"]

1. a3 d5 2. Nf3 Bg4 3. Ne5 Bf5 4. d4 Nf6 5. g3 e6 6. Bg2 Nbd7 7. Bg5 Be7 8. Nxd7 Qxd7 9. 0-0 h6 10. Bf4 Be4 11. f3 Bg6 12. Nc3 0-0 13. e4 Rfd8 14. exd5 exd5 15. Be3 Re8 16. Bf2 Bd6 17. Qd2 c6 18. Rfe1 b6 19. Ne2 Re7 20. c3 Rae8 21. Nf4 Bxf4 22. Qxf4 Re2 23. b4 Nh5 24. Qh4 R8e7 25. Bf1 Rxe1 26. Rxe1 Rxe1 27. Bxe1 Qe6 28. Bd2 Qd6 29. Qh3 a5 30. Qc8+ Kh7 31. Qe8 axb4 32. axb4 b5 33. Kf2 Nf6 34. Qe2 Bh5 35. Bf4 Qd7 36. Qe5 Bg6 37. Bd2 Qf5 38. Qxf5 Bxf5 39. h4 Bc2 40. Bh3 Kg6 41. Be3 h5 42. Bg5 Bf5 43. Bxf5+ Kxf5 44. Bxf6 Kxf6 1/2-1/2